Il gesú di Roma / [por] Dionicio Aurelio, S.J.

Guardado en:
Bibliografiske detaljer
Hovedforfatter: Dionicio Aurelio (autor)
Format: Bog
Fag:
Tags: Tilføj Tag
Ingen Tags, Vær først til at tagge denne postø!

MARC

LEADER 00000nam^a2200000^u^4500
001 000538750
005 20250521000000.0
008 060220s1000^^^^^^^^^^^^r^^^^^000^0^spa^d
009 20260310131128.059
035 |a FMI 000005612 
037 |a Acervo Xavier Clavigero 
096 |a 3.3/68/D 
100 |a Dionicio Aurelio  |e (autor) 
245 1 3 |a Il gesú di Roma / [por] Dionicio Aurelio, S.J. 
264 |a Roma : Residenza del gesú, 1982 
300 |a 99 p. 
336 |a texto  |b txt  |2 rdacontenido 
337 |a sin mediación  |b n  |2 rdamedio 
338 |a volumen  |b nc  |2 rdasoporte 
597 |a Breve storia e illustrazione della prima chiesa eretta dalla compagnia di gesú 
649 |a XX 
650 |a HISTORIA DE LA SJ. 
910 |a Fondo Francisco Migoya Covarrubias S.J. 
920 |a Impresos - Libros 
930 |a Fondos Especiales 
905 |a 134 
901 |a SBC15693  |b IT2  |c ESP  |u 20250521 
902 |a https://opac.biblio.iteso.mx/vufind/Record/000538750